000 00965nac a22002537a 4500
001 BR8004370
003 BR-BrBNA
005 20240105114744.0
008 230509b bl.|||m| |||| 00| 0 por d
040 _aBR-BrBNA
_bpor
_cBiblioteca Nacional de Agricultura
072 _aF30
090 _a0180 BR8004370
110 1 _aOrganizacao das Cooperativas do Estado do Parana, Cascavel (Brasil)
_97725
245 1 _aTrabalhos executados no programa Trigo-Triticale 1980. Reuniao de melhoristas de trigo do Cone Sul. Convenio OCEPAR-Universidade Federal de Vicosa [Organizacao das Cooperativas do Estado do Parana, Brasil]
260 3 _aCascavel, PR (Brasil):
_c1980.
300 _a8 p.
490 _aInformativo da Pesquisa - Organizacao das Cooperativas do Estado do Parana (Brazil)
_vno. 3
_x
650 _aTRIGO
650 _aTRITICALE
650 _aVARIEDADE
650 _aPARANA
909 _a202312
_bLúcia Elande
_c55
_dLúcia Elande
942 _2AGRIS
_n0
_cMS
999 _c271129
_d271129